| 000 | 00828nam a22002292 4500 | ||
|---|---|---|---|
| 001 | 0000005931 | ||
| 005 | 20151217155829.0 | ||
| 008 | 070810s xx 000 0 eng d | ||
| 020 |
_a0821368826 : _cKES 900 |
||
| 040 |
_aKABU _cKABU |
||
| 050 | 0 |
_aHC800 _b.N48 |
|
| 100 | 1 |
_aNdulu, Benno J. _@0000157239 |
|
| 245 | 1 | 0 |
_aChallenges of African growth : _bopportunities, constraints, and strategic directions / _cBenno J. Ndulu; with Lopamudra Chakraborti ... [et al.] |
| 260 |
_aWashington, DC : _bThe World Bank, _c2007. |
||
| 300 | _axxi, 252 p. | ||
| 651 | 0 |
_aAfrica _xEconomic conditions _y1960-. _@0000149691 |
|
| 651 | 0 |
_aAfrica _xPolitics and government _y1960-. _@0000148944 |
|
| 700 | 1 |
_aChakraborti, Lopamudra. _@0000157240 |
|
| 908 | _a070810 | ||
| 950 | _@1 | ||
| 999 |
_c13000 _d13000 |
||